| 000 | 00676nam a2200181 4500 | ||
|---|---|---|---|
| 001 | 2284 | ||
| 005 | 20181127164900.0 | ||
| 020 | 0 | 0 | _a9993602361 |
| 090 | 0 | 0 | _a808.0427 M6653e 2008 |
| 110 |
_aCurriculum and Professional Support Division (CAPSD), Department of School Education, Ministry of Education. _b _c _d _e _n _p |
||
| 245 | 0 | 0 |
_aReading & literature : _bEssay, drama, poetry, short story / _cCAPSD. _h |
| 250 | 0 | 0 | _a1st edition. |
| 260 | 0 | 0 |
_aThimphu : _bCurriculum and Professional Support Division, Ministry of Education, _c2008. |
| 300 | 0 | 0 | _axxxiii,199 p. |
| 500 | _a"English Class XII" | ||
| 650 | 0 | 0 |
_aLiterature --Study and teaching. _x |
| 650 | 0 | 0 |
_aReaders (Secondary). _x |
| 999 |
_c1817 _d1817 |
||